De enige Nederlandse provincie... - Statistieken

Algemene statistieken
  • Deze quiz is 46 keer genomen
  • De gemiddelde score is 11 van 12
Antwoordstatistieken
De enige provincie... Antwoord % Correct
...waar Nederlands een minderheidstaal is Friesland
100%
...met meer dan 3 miljoen inwoners Zuid-Holland
100%
...die vóór 1986 niet bestond Flevoland
97%
...waar een ander land naar vernoemd is Zeeland
95%
...wiens vlag een variatie op het Scandinavische kruis bevat Groningen
89%
...waar Grolsch het meest gedronken bier is Overijssel
89%
...wiens naam eindigt op een klinker Drenthe
84%
...waar de Commissaris van de Koning 'gouverneur' wordt genoemd Limburg
84%
...die door een kanaal in tweeën wordt gedeeld Noord-Holland
82%
...die historisch als 'Het Sticht' bekend staat Utrecht
82%
...waar Karel de Grote een paleis liet bouwen Gelderland
76%
...zonder provinciaal volkslied Noord-Brabant
71%
Geen overeenkomende quizzen gevonden
Scoreverdeling
Procent van Mensen met Elke Score
Percentiel versus Aantal Correcte Antwoorden
Uw Scoregeschiedenis
U heeft deze quiz nog niet genomen